Responses for show #1367 - Tuesday, July 10, 1990

1990 Seniors Tournament quarterfinal game 2.

Contestants

Arnold Yellin, a manufacturer from Chicago, Illinois

Cecelia Moore, a teacher from San Pedro, California

Marge Mayer, a real estate property manager from Orange County, California

Jeopardy! Round responses

FAMOUS NAMES
HUMOROUS QUOTES
TELEVISION
NIAGARA FALLS
POTPOURRI
SING-ALONG SONGS
    $100 9
(Marge: Uh, who is Beth Myerson?)
...
(Alex: Yes, she was born in the United States.)
[NOTE: After the break Alex had to clarify that [*] was born in the Soviet Union and raised in the United States in Milwaukee.]

Golda Meir

MargeArnold
    $100 8
(Cecelia: A [*]. What is a [*]?)

a past

Cecelia
    $100 6
Alexis

Marge
    $100 1
New York & Ontario

Marge
    $100 14
cooking

Cecelia
    $100 26
dance

Cecelia
    $200 10
King James I

Marge
    $200 17
a lining

Marge
    $200 7
Ellery Queen

Arnold
    $200 2
the American Falls

Marge
    $200 15
a day

Arnold
    $200 27
Daisy

Marge
    $300 11
Elvis Presley

Arnold
    $300 18
Jonah

Marge
    $300 19
Cicely Tyson

Cecelia
    $300 3
(Marge: What is Niagara Lake?)

Lake Erie

Marge
Triple Stumper
    $300 16
the Gang of Four

Triple Stumper
    $700 28
(Marge: I have no idea.)
...
[The end-of-round signal sounds and the song was reprised going into the break.]

"Goodnight, Irene"

Marge
    $400 12
the Red Baron

Marge
    $400 22
"Yankee Doodle"

Cecelia
    $400 20
the Stork Club

Arnold
    $400 4
the electric generating plants

Arnold
    $400 24
(Alex: A minute to go.)

methyl alcohol

Arnold
    $500 13
Zubin Mehta

Cecelia
    $500 23
brevity

Marge
    $500 21
Ramar

Triple Stumper
    $500 5
the Maids of the Mist

Marge
    $500 25
fencing

Arnold

Scores at the first commercial break (after clue 16):

Marge Cecelia Arnold
$1,100 $700 $1,200

Scores at the end of the Jeopardy! Round:

Marge Cecelia Arnold
$1,600 $1,500 $2,500

Double Jeopardy! Round responses

MAGAZINES
THE 1980s
ARTISTS
GRAMMAR
ANATOMY
THE SOUTH
    $200 7
Good Housekeeping

Arnold
    $200 26
the Falkland Islands

Cecelia
    $200 12
Gauguin

Cecelia
    $200 1
passive

Arnold
    $200 6
the umbilical cord

Arnold
    $200 21
Florida

Arnold
    $400 8
Mad

Marge
    $400 27
Korean Air Lines

Cecelia
    $400 13
Lawrence of Arabia

Cecelia
    $400 2
(Marge: What is why?)

who

MargeCecelia
    $400 17
the epidermis

Arnold
    $400 22
Alabama

Marge
    $600 9
Reader's Digest

Cecelia
    $600 28
Ernest Hemingway

Triple Stumper
    $600 14
El Greco

Cecelia
    $600 3
a clause

Arnold
    $600 18
the knee

Arnold
    $600 23
Tabasco

Cecelia
    $800 10
(Marge: What is, uh, Time magazine?)

Fortune

MargeArnold
    $800 29
Knoxville

Cecelia
    $800 15
van Gogh

Cecelia
    $800 4
an adjective

Cecelia
    $800 19
the liver

Cecelia
    $800 24
the dogwood

Cecelia
    $1000 11
(Cecilia: Uh, what is Architecture?)

Architectural Digest

CeceliaArnold
    $1000 30
(Arnold: What was an earthquake?)

the attempted assassination of President Reagan

CeceliaArnold
    $1,000 16
Winslow Homer

Cecelia
    $500 5
(Alex: Full marks for you on that one.)

present perfect, past perfect & future perfect

Cecelia
    $1000 20
the ear

Arnold
    $1000 25
Georgia

Triple Stumper

Scores at the end of the Double Jeopardy! Round:

Marge Cecelia Arnold
$1,200 $10,400 $6,700

Final Jeopardy! Round responses

U.S. PRESIDENTS
(Alex: I think you misunderstood the question, Arnold.)
...
(Alex: President Bush was born in June of 1924; President [*] was born in October of 1924.)
MargeWho is Kennedy
$1,200
ArnoldWho is G Washington
$4,000
CeceliaWho is Jimmy Carter?
$3,000
Jimmy Carter

Final scores:

Marge Cecelia Arnold
$0 $13,400 $2,700
3rd place: $1,000 if eliminated Automatic semifinalist 2nd place: $1,000 if eliminated

Game dynamics:

Coryat scores:

Marge Cecelia Arnold
$1,900 $10,900 $6,700
12 R,
5 W
(including 1 DD)
22 R
(including 2 DDs),
1 W
18 R,
1 W

Combined Coryat: $19,500

The J! Archive is created by fans, for fans. The Jeopardy! game show and all elements thereof, including but not limited to copyright and trademark thereto, are the property of Jeopardy Productions, Inc. and are protected under law. This website is not affiliated with, sponsored by, or operated by Jeopardy Productions, Inc. Join the discussion at JBoard.tv.